Truyện Kiều : Những lời bình

Cuốn sách bao gồm: Phần 1: Truyện Kiều trong tâm thế tiếp nhận của các thế hệ công chúng Việt Nam; Phần 2: Truyện Kiều qua đánh giá của người nước ngoài

Gespeichert in:
Bibliographische Detailangaben
Format: Buch
Sprache:Undetermined
Veröffentlicht: Hà Nội Văn hóa Thông tin 2000
Schlagworte:
Tags: Tag hinzufügen
Keine Tags, Fügen Sie den ersten Tag hinzu!
Thư viện lưu trữ: Trung tâm Học liệu Trường Đại học Cần Thơ
LEADER 00865nam a2200217Ia 4500
001 CTU_36907
008 210402s9999 xx 000 0 und d
020 |b 64.000đ 
082 |a 895.9221009 
082 |b Tr527 
245 0 |a Truyện Kiều : 
245 0 |b Những lời bình 
245 0 |c Hoài Hương tuyển chọn và biên soạn 
260 |a Hà Nội 
260 |b Văn hóa Thông tin 
260 |c 2000 
520 |a Cuốn sách bao gồm: Phần 1: Truyện Kiều trong tâm thế tiếp nhận của các thế hệ công chúng Việt Nam; Phần 2: Truyện Kiều qua đánh giá của người nước ngoài 
650 |a Kieu's story,Vietnamese literature 
650 |x History and criticism 
904 |i Minh 
980 |a Trung tâm Học liệu Trường Đại học Cần Thơ